15 Biggest cities in Poland on a map - Statistics

General Stats
  • This quiz has been taken 74 times
  • The average score is 11 of 15
Answers on the Map
Answers color-coded by a green-red scale on the quiz's map according to % correct below.
 
Answer Stats
Population City % Correct
1,8 million Warsaw
100%
810k Kraków
96%
490k Gdańsk
95%
650k Łódź
93%
540k Poznań
89%
670k Wrocław
87%
280k Katowice
82%
330k Lublin
80%
390k Szczecin
78%
290k Białystok
73%
240k Gdynia
73%
330k Bydgoszcz
60%
200k Rzeszów
51%
200k Radom
45%
205k Częstochowa
44%
No matching quizzes found
Score Distribution
Percent of People with Each Score
Percentile by Number Answered
Your Score History
You have not taken this quiz